Effect of puncture resistant gloves, finger guards and glove liners on cutaneous sensibility and surgical psychomotor skills (Record no. 58078)

MARC details
000 -LEADER
fixed length control field 00844nam a2200193Ia 4500
100 ## - MAIN ENTRY--AUTHOR NAME
Personal name Woods J A
245 #0 - TITLE STATEMENT
Title Effect of puncture resistant gloves, finger guards and glove liners on cutaneous sensibility and surgical psychomotor skills
260 ## - PUBLICATION, DISTRIBUTION, ETC. (IMPRINT)
Name of publisher Journal of Biomed. Matls. Res(Appl.Biomatls)
Year of publication 1996
300 ## - PHYSICAL DESCRIPTION
Number of Pages 47-51
500 ## - GENERAL NOTE
General note Source Year: 1996
520 ## - SUMMARY, ETC.
Summary, etc Details are given of developments in new puncture and cut resistant hand protection systems to enhance the barrier to cuts and needle puncture injuries during surgical procedures. Comparisons are made between standard latex gloves and of a supplemental hand protection system.
650 ## - SUBJECT ADDED ENTRY--TOPICAL TERM
Topical Term Puncture system
700 ## - ADDED ENTRY--PERSONAL NAME
Personal name Drake D B
700 ## - ADDED ENTRY--PERSONAL NAME
Personal name Edlich R F
700 ## - ADDED ENTRY--PERSONAL NAME
Personal name Leslie L F
856 ## - ELECTRONIC LOCATION AND ACCESS
Uniform Resource Identifier IRRDB
942 ## - ADDED ENTRY ELEMENTS (KOHA)
Koha item type Journals
Holdings
Withdrawn status Lost status Damaged status Not for loan Home library Current library Shelving location Date acquired Serial Enumeration / chronology Koha item type
      Journals RRII Library RRII Library Rubber chemistry 17/12/2021 Volume 33, Issue 1 Journals